Les 5 Capitales les plus proches d'Ankara, Nicosie, Tbilissi, Erevan et Bakou - Statistiques

Statistiques générales
  • Ce quiz a été pris 91 fois
  • Le résultat moyen est 11 sur 14
Statistiques - réponses
Réponse % Correct
Bakou
95%
Erevan
95%
Tbilissi
92%
Ankara
91%
Nicosie
90%
Athènes
88%
Bagdad
82%
Damas
82%
Jérusalem
82%
Téhéran
82%
Beyrouth
79%
Amman
62%
Bucarest
60%
Achgabat
50%
Aucun quiz correspondant
Distribution des résultats
% des personnes avec chaque résultat
Percentile par nombre de réponses
Votre historique - résultats
Vous n’avez pas pris ce quiz